Курс стенографии по единой государственной системе: Часть 2. Специальный курс

Bibliografiske detaljer
Hovedforfatter: Соколов Н. Н.
Institution som forfatter: Академия наук СССР Институт языка и письменности народов СССР
Sprog:russisk
Udgivet: Москва, Учпедгиз Наркомпроса РСФСР, 1939
Fag:
Format: Bog
KOHA link:https://koha.lib.tpu.ru/cgi-bin/koha/opac-detail.pl?biblionumber=215441

MARC

LEADER 00000nam0a2200000 4500
001 215441
005 20231031193831.0
035 |a (RuTPU)RU\TPU\book\235363 
090 |a 215441 
100 |a 20120511d1939 m y0rusy50 ca 
101 0 |a rus 
102 |a RU 
105 |a a j 000zy 
200 1 |a Курс стенографии по единой государственной системе  |e Часть 2. Специальный курс  |f Н. Н. Соколов  |g Академия наук СССР, Институт языка и письменности народов СССР 
210 |a Москва  |c Учпедгиз Наркомпроса РСФСР  |d 1939 
215 |a 174 с.  |c ил. 
610 1 |a стенография 
610 1 |a учебные пособия 
675 |a 651.93(07)  |v 3 
700 1 |a Соколов  |b Н. Н. 
712 0 2 |a Академия наук СССР  |b Институт языка и письменности народов СССР 
801 1 |a RU  |b 63413507  |c 20120511 
801 2 |a RU  |b 63413507  |c 20120511  |g RCR 
942 |c BK